[Event "13th EICC"]
[Site "Plovdiv BUL"]
[Date "2012.03.27"]
[Round "7.94"]
[White "Schachinger, Mario"]
[Black "Neverov, Valeriy"]
[Result "0-1"]
[WhiteTitle "FM"]
[BlackTitle "GM"]
[WhiteElo "2391"]
[BlackElo "2544"]
[WhiteFideId "1616773"]
[BlackFideId "14100150"]
[EventDate "2012.03.20"]
[EventType "swiss"]

1. Nf3 f5 2. g3 Nf6 3. Bg2 g6 4. O-O Bg7 5. d4 O-O 6. b3 c5 7. Bb2 Ne4 8. c4 Nc6
9. e3 e6 10. Nc3 d5 11. cxd5 exd5 12. Ne2 b5 13. Ne5 Bb7 14. f3 Nxe5 15. dxe5
Ng5 16. h4 Ne6 17. f4 b4 18. Qd2 Qd7 19. e4 d4 20. exf5 Bxg2 21. Kxg2 Qd5+ 22.
Kh2 gxf5 23. Qd3 a5 24. a4 Rf7 25. Ng1 Kh8 26. Nf3 Rg8 27. Nd2 Bh6 28. Qf3 Qd7
29. Nc4 Rg4 30. Nd6 Bxf4 31. Nxf5 Bxg3+ 32. Kg1 Rg8 33. Kh1 Nf4 34. Rg1 Qxf5 35.
Rxg3 Rxg3 36. Qxg3 Qe4+ 37. Kh2 Qe2+ 38. Kh1 Qe4+ 39. Kh2 Qe2+ 40. Kh1 Rg7 0-1

[Event "13th EICC"]
[Site "Plovdiv BUL"]
[Date "2012.03.27"]
[Round "7.95"]
[White "Novkovic, Milan"]
[Black "Zoler, Dan"]
[Result "1/2-1/2"]
[WhiteTitle "IM"]
[BlackTitle "GM"]
[WhiteElo "2381"]
[BlackElo "2541"]
[WhiteFideId "1613103"]
[BlackFideId "2800705"]
[EventDate "2012.03.20"]
[EventType "swiss"]

1. d4 Nf6 2. c4 e6 3. Nc3 Bb4 4. Qc2 O-O 5. a3 Bxc3+ 6. Qxc3 d6 7. Bg5 Nbd7 8.
e3 h6 9. Bh4 b6 10. Bd3 Bb7 11. f3 c5 12. Ne2 Rc8 13. Qd2 Qe7 14. O-O Rfd8 15.
Nc3 Nf8 16. Qe2 Ng6 17. Bxg6 fxg6 18. Bxf6 Qxf6 19. Rfd1 cxd4 20. Rxd4 Ba6 21.
Qd2 Rxc4 22. Rxd6 Rxd6 23. Qxd6 Kh7 24. Rd1 Bc8 25. Rd4 Rxd4 26. Qxd4 e5 27. Qd2
Qc6 28. Qd5 Qc7 29. Kf2 Ba6 30. Qe6 Bc4 31. Qe8 a5 32. Qa4 Ba6 33. Qe4 Bb7 34.
Qd3 Qe7 35. h3 Bc6 36. Qc4 Qd6 37. Ke2 Bd7 38. Ne4 Qe7 39. Qd5 a4 40. Kf2 Bf5
41. Kg1 Qc7 42. Kh2 Qc1 43. Qxe5 Bxe4 44. Qxe4 Qxb2 45. Qxa4 b5 46. Qa7 Qc3 47.
Qe7 h5 48. f4 Qc4 49. h4 Qe2 50. e4 Qe3 51. Qe5 Qxa3 52. f5 b4 53. Qe6 gxf5 54.
Qxf5+ Kh6 55. Qg5+ Kh7 56. Qxh5+ Kg8 57. Qd5+ Kh7 58. e5 Qe3 59. e6 Qf4+ 60. Kh3
Kg6 61. Qd7 Qf5+ 62. Kg3 Qe5+ 63. Kf3 Qf5+ 64. Kg3 Qe5+ 65. Kf2 Qb2+ 66. Ke3
Qc3+ 67. Ke4 Qc4+ 68. Ke5 Qc5+ 69. Qd5 Qc7+ 70. Ke4 Qc2+ 71. Kf4 Qf2+ 72. Kg4
Qe2+ 73. Kh3 Qe3+ 74. g3 b3 75. e7 Qxe7 76. Qxb3 Qe4 77. Qb6+ Kh7 78. Qg1 Qf5+
79. Kh2 Qc2+ 80. Qg2 Qxg2+ 81. Kxg2 g5 82. h5 g4 83. Kf2 Kh6 84. Ke3 Kxh5 85.
Kf4 Kh6 86. Kxg4 Kg6 1/2-1/2

[Event "13th EICC"]
[Site "Plovdiv BUL"]
[Date "2012.03.27"]
[Round "7.99"]
[White "Michalik, Peter"]
[Black "Kanmazalp, Ogulcan"]
[Result "1/2-1/2"]
[WhiteTitle "GM"]
[BlackTitle "IM"]
[WhiteElo "2529"]
[BlackElo "2389"]
[WhiteFideId "14907526"]
[BlackFideId "6304990"]
[EventDate "2012.03.20"]
[EventType "swiss"]

1. d4 d5 2. c4 e6 3. Nf3 Nf6 4. g3 Bb4+ 5. Bd2 Be7 6. Bg2 O-O 7. O-O c6 8. Qc2
b6 9. Bf4 Bb7 10. Ne5 Nfd7 11. Nd3 f5 12. Nd2 g5 13. Be3 Bd6 14. Nf3 f4 15. Bd2
c5 16. cxd5 Bxd5 17. h4 Nc6 18. dxc5 bxc5 19. Bc3 gxh4 20. gxf4 Bxf4 21. Kh1 Nd4
22. Bxd4 cxd4 23. Rg1 h3 24. Bxh3+ Kh8 25. Rg4 Bh6 26. Bg2 Qf6 27. Qa4 e5 28.
Rg3 Nb6 29. Qb5 e4 30. Nh2 exd3 31. Bxd5 Nxd5 32. Qxd5 dxe2 33. Ng4 Qh4+ 34. Kg2
Bg7 35. Ne5 Qf4 36. Nd3 Qf5 37. Qb7 Qf7 38. Qxf7 Rxf7 39. Re1 Re8 40. Nc1 Rfe7
41. Rd3 Re6 42. Nb3 Rg6+ 43. Kf3 h5 44. Rd2 h4 45. Nxd4 h3 46. Nxe2 Rf8+ 47. Ke3
Re6+ 48. Kd3 Rxf2 49. Rh1 h2 50. Nd4 Rxd2+ 51. Kxd2 Bxd4 52. Rxh2+ Kg7 53. Kd3
Bb6 54. Kc4 Rc6+ 55. Kb5 Rc5+ 56. Ka4 Ra5+ 57. Kb3 Rf5 58. Kc4 Rc5+ 59. Kb4 Kf6
60. Re2 Re5 61. Rxe5 Kxe5 62. Kc4 Bf2 63. a4 Kd6 64. Kb5 Kc7 65. Ka6 Kc8 66. b4
Kc7 67. b5 Kb8 68. a5 Kc7 69. b6+ Bxb6 70. axb6+ axb6 71. Kb5 1/2-1/2

[Event "13th EICC"]
[Site "Plovdiv BUL"]
[Date "2012.03.27"]
[Round "7.100"]
[White "Miron, Lucian-Costin"]
[Black "Petrisor, Adrian-Marian"]
[Result "1/2-1/2"]
[WhiteTitle "IM"]
[BlackTitle "FM"]
[WhiteElo "2518"]
[BlackElo "2383"]
[WhiteFideId "1210920"]
[BlackFideId "1213741"]
[EventDate "2012.03.20"]
[EventType "swiss"]

1. d4 g6 2. c4 Bg7 3. Nf3 d6 4. Nc3 Nd7 5. e4 e5 6. Be2 c6 7. Be3 Nh6 8. O-O O-O
9. Rb1 Qe7 10. b4 f6 11. b5 Ng4 12. Bc1 f5 13. bxc6 bxc6 14. d5 c5 15. Ng5 Ndf6
16. h3 Nh6 17. Qa4 fxe4 18. Ngxe4 Nxe4 19. Nxe4 Nf5 20. Bg5 Qc7 21. Bd3 Nd4 22.
Rfe1 a5 23. Be3 Bf5 24. Rb2 Bxh3 25. gxh3 Nf3+ 26. Kf1 Qc8 27. Reb1 Qxh3+ 28.
Ke2 Qg4 29. Rb7 Rad8 30. Qxa5 Ra8 31. Rxg7+ Kxg7 32. Rb7+ Kh8 33. Nf6 Qh3 34.
Rxh7+ Qxh7 35. Nxh7 Rxa5 36. Nxf8 Nd4+ 37. Bxd4 Rxa2+ 38. Bb2 Rxb2+ 39. Ke3 Kg7
40. Nxg6 Kf6 41. Nh4 Rb3 42. Nf3 Ra3 43. Nd2 Ra2 44. Ne4+ Ke7 45. Nc3 Ra3 46.
Nb5 Ra2 47. Bf5 Ra1 48. f3 Re1+ 49. Kd2 Ra1 50. Kc2 Ra4 51. Kc3 Ra2 52. Kb3 Ra8
53. Bg4 Ra6 54. Na3 Rb6+ 55. Kc3 Ra6 56. Nc2 Kf6 57. Kd3 Kg5 58. Ke4 Ra4 59. Ne3
Rb4 60. Bd7 Rb7 61. Bb5 Rf7 62. Ng2 Rf8 63. Ke3 Rf7 64. Ne1 Re7 65. Nd3 Ra7 66.
f4+ exf4+ 67. Nxf4 Kf5 68. Ne6 Ke5 69. Kd3 Ra3+ 70. Kc2 Ra8 71. Kb3 Ra1 72. Nd8
Rb1+ 73. Kc3 Rf1 74. Kd3 Rf3+ 75. Ke2 Rf8 76. Nc6+ Ke4 77. Ba4 Rh8 78. Bc2+ Kf4
79. Kd2 Ra8 80. Kc3 Ra3+ 81. Kb2 Ra8 82. Kb3 Ra6 83. Nd8 Ke5 84. Nc6+ Kf4 85.
Bg6 Kg5 86. Be8 Kf6 87. Bd7 Ra8 88. Be6 Ra6 89. Nd8 Ke5 90. Nc6+ Kf6 91. Nd8 1/2-1/2

[Event "13th EICC"]
[Site "Plovdiv BUL"]
[Date "2012.03.27"]
[Round "7.101"]
[White "Onischuk, Vladimir"]
[Black "Nakar, Eylon"]
[Result "1-0"]
[WhiteTitle "GM"]
[BlackTitle "FM"]
[WhiteElo "2516"]
[BlackElo "2344"]
[WhiteFideId "14114038"]
[BlackFideId "2811111"]
[EventDate "2012.03.20"]
[EventType "swiss"]

1. Nf3 Nf6 2. g3 g6 3. Bg2 Bg7 4. O-O O-O 5. Re1 d5 6. d3 c5 7. Nbd2 Nc6 8. e4
e6 9. Qe2 b6 10. Nf1 h6 11. h4 dxe4 12. dxe4 e5 13. c3 Be6 14. Ne3 Nxe4 15. Nd2
f5 16. Nxe4 fxe4 17. Bxe4 Qe8 18. Ng4 h5 19. Nh2 Bf5 20. Bg5 Rc8 21. Rad1 Qf7
22. Rd2 Kh8 23. Bd5 Qc7 24. Be4 Qf7 25. Red1 Bxe4 26. Qxe4 Qf5 27. Qxf5 gxf5 28.
f4 exf4 29. gxf4 Na5 30. Rd7 Nc4 31. Rxa7 Ra8 32. Rb7 Rfb8 33. Rxb8+ Rxb8 34. b3
Nb2 35. Rd7 Ra8 36. Nf3 Rxa2 37. Ne5 Ra1+ 38. Kh2 Rd1 39. Rb7 Nd3 40. Ng6+ Kh7
41. Ne7 Kh8 42. Rxb6 Bxc3 43. Rh6+ Kg7 44. Nxf5+ Kf7 45. Nd6+ Kg7 46. Kg3 Nc1
47. Nf5+ Kf7 48. Rb6 Rd3+ 49. Kg2 Bd4 50. Nh6+ Ke8 51. f5 Nxb3 52. Rd6 Nd2 53.
Rd8# 1-0

[Event "13th EICC"]
[Site "Plovdiv BUL"]
[Date "2012.03.27"]
[Round "7.102"]
[White "Boruchovsky, Avital"]
[Black "Alonso Rosell, Alvar"]
[Result "1-0"]
[WhiteTitle "FM"]
[BlackTitle "IM"]
[WhiteElo "2333"]
[BlackElo "2513"]
[WhiteFideId "2800055"]
[BlackFideId "2270544"]
[EventDate "2012.03.20"]
[EventType "swiss"]

1. e4 e5 2. Nf3 Nc6 3. Bb5 f5 4. Nc3 Nf6 5. exf5 Bc5 6. O-O O-O 7. d3 Nd4 8.
Nxe5 c6 9. Ba4 d5 10. Be3 Bxf5 11. Ne2 Ne6 12. Ng3 Nd7 13. Nxd7 Qxd7 14. d4 Bd6
15. c3 Bg6 16. Bc2 Bxc2 17. Qxc2 Nf4 18. Bxf4 Rxf4 19. Rae1 Raf8 20. Re2 Qf7 21.
Rd1 h5 22. Nf1 g5 23. Rde1 Kg7 24. Qd2 Kh7 25. Re6 Rf6 26. Rxf6 Qxf6 27. Qe3 g4
28. Re2 Rf7 29. Qe6 Kg6 30. g3 Kg5 31. Qxf6+ Rxf6 32. Re8 Rf7 33. Ne3 Be7 34.
Ng2 Bd6 35. Re6 Rf6 36. Rxf6 Kxf6 37. Kf1 Kf5 38. Ke2 Ke4 39. Ne1 Bf8 40. f3+
gxf3+ 41. Nxf3 Kf5 42. Ne5 Bd6 43. Nd3 h4 44. Kf3 hxg3 45. hxg3 Bf8 46. Nc5 1-0

[Event "13th EICC"]
[Site "Plovdiv BUL"]
[Date "2012.03.27"]
[Round "7.103"]
[White "Huschenbeth, Niclas"]
[Black "Duzhakov, Ilya"]
[Result "1-0"]
[WhiteTitle "GM"]
[BlackTitle "FM"]
[WhiteElo "2509"]
[BlackElo "2316"]
[WhiteFideId "24604747"]
[BlackFideId "4192516"]
[EventDate "2012.03.20"]
[EventType "swiss"]

1. e4 c5 2. Nf3 d6 3. d4 cxd4 4. Nxd4 Nf6 5. Nc3 a6 6. Bg5 e6 7. f4 Nbd7 8. Bc4
Qb6 9. Bxf6 Nxf6 10. Bb3 Be7 11. Qd2 O-O 12. O-O-O Qc5 13. g4 b5 14. g5 Nd7 15.
Kb1 a5 16. a4 bxa4 17. Nxa4 Qc7 18. Nb5 Qc6 19. Nxd6 Nc5 20. Nxc5 Qxc5 21. Qd4
Qc7 22. e5 Bb7 23. Rhe1 Bc6 24. Re3 a4 25. Ba2 Rfb8 26. Ka1 Qa5 27. c3 Rb3 28.
Kb1 Rbb8 29. Kc1 Bd8 30. Rh3 a3 31. b4 Qa6 32. Qd3 Qxd3 33. Rhxd3 Bc7 34. f5
exf5 35. Nxf7 Kf8 36. g6 hxg6 37. Ng5 Bxe5 38. Re3 Be4 39. Rf1 Bf6 40. Nxe4 fxe4
41. Rxe4 Rb5 42. Rh4 Rd8 43. Kc2 Re5 44. Rh8+ Ke7 45. Rxd8 Kxd8 46. Rd1+ Kc7 47.
h3 Re2+ 48. Rd2 Re1 49. Rd3 Kc6 50. Kb3 Ra1 51. Re3 g5 52. c4 Rg1 53. Kxa3 g4
54. hxg4 Rxg4 55. Re6+ Kc7 56. Ka4 Rg5 57. c5 Rh5 58. Kb5 Rh4 59. Bd5 Bc3 60.
Re7+ Kb8 61. Re4 Rh8 62. Kb6 Bf6 63. b5 Rc8 64. c6 Bd8+ 65. Kc5 g5 66. b6 g4 67.
Ra4 Be7+ 68. Kb5 1-0

[Event "13th EICC"]
[Site "Plovdiv BUL"]
[Date "2012.03.27"]
[Round "7.104"]
[White "Bulmaga, Irina"]
[Black "Holzke, Frank"]
[Result "0-1"]
[WhiteTitle "WIM"]
[BlackTitle "GM"]
[WhiteElo "2307"]
[BlackElo "2508"]
[WhiteFideId "13903063"]
[BlackFideId "4600428"]
[EventDate "2012.03.20"]
[EventType "swiss"]

1. e4 e6 2. d4 d5 3. Nc3 Nf6 4. e5 Nfd7 5. f4 c5 6. Nf3 Nc6 7. Be3 cxd4 8. Nxd4
Bc5 9. Qd2 O-O 10. O-O-O a6 11. Qf2 Bxd4 12. Bxd4 b5 13. h4 b4 14. Na4 a5 15. h5
Nxd4 16. Qxd4 Qc7 17. Kb1 Ba6 18. Bd3 Qc6 19. b3 Rac8 20. Rc1 Bb5 21. f5 Bxd3
22. cxd3 Qa6 23. h6 g6 24. f6 Qb5 25. Qe3 d4 26. Qxd4 Rcd8 27. Rhe1 Nxf6 28. Qc4
Qxc4 29. dxc4 Ng4 30. c5 Rc8 31. c6 Rc7 32. Rc4 Nxh6 33. g4 Rd8 34. Nb6 Kg7 35.
Nd7 Ng8 36. Rec1 Ne7 37. Nf6 Nd5 38. g5 Nc3+ 39. Kb2 h6 40. gxh6+ Kxh6 41. Rg1
g5 42. Rcg4 Rxc6 43. Rh1+ Kg6 44. Rhg1 Rd2+ 45. Kc1 Ne4+ 46. Kb1 Nxf6 47. Rxg5+
Kh6 48. exf6 Rd1+ 49. Kb2 Rxg1 50. Rxg1 e5 51. Re1 Re6 52. a3 e4 53. axb4 axb4 0-1

[Event "13th EICC"]
[Site "Plovdiv BUL"]
[Date "2012.03.27"]
[Round "7.110"]
[White "Baron, Tal"]
[Black "Schroll, Gerhard"]
[Result "1/2-1/2"]
[WhiteTitle "GM"]
[BlackTitle "IM"]
[WhiteElo "2497"]
[BlackElo "2388"]
[WhiteFideId "2809958"]
[BlackFideId "1600907"]
[EventDate "2012.03.20"]
[EventType "swiss"]

1. d4 Nf6 2. c4 e6 3. Nc3 Bb4 4. Qc2 O-O 5. Nf3 c5 6. dxc5 Bxc5 7. Bf4 Nc6 8.
Rd1 e5 9. Bg5 Ng4 10. e3 f6 11. Bh4 Qe8 12. Bd3 g6 13. h3 Nh6 14. a3 d6 15. b4
Bb6 16. Nd5 Kg7 17. g4 Ng8 18. Nd2 Nce7 19. Nc3 Be6 20. Nde4 Rd8 21. Nb5 Qc6 22.
Ke2 d5 23. cxd5 Bxd5 24. Qxc6 Bxc6 25. Nbc3 Nd5 26. Rhg1 g5 27. Bg3 Nge7 28. b5
Be8 29. Na4 Nc7 30. Nxb6 axb6 31. a4 Bg6 32. Nxg5 Ned5 33. Bxg6 Nc3+ 34. Kf3
Rxd1 35. Rxd1 Nxd1 36. Bf5 Nc3 37. Nxh7 Re8 38. Bh4 e4+ 39. Kg3 N7d5 40. g5 fxg5
41. Nxg5 Ra8 42. Nxe4 Rxa4 43. Nxc3 Nxc3 44. Bd8 Nxb5 45. Bd7 Rb4 46. Bxb6 Nd6
47. Bd4+ Kf7 48. h4 Rb1 49. h5 Rh1 50. Bg4 Ne4+ 51. Kg2 Rh4 52. Be2 Nf6 53. Bf3
Ne4 54. Bb6 Ke7 55. Bc7 b5 56. Bf4 Rxf4 57. exf4 Nf6 58. h6 Kf7 59. Be2 b4 60.
Bd3 Ng4 61. h7 Kg7 62. Kf3 Nf6 63. Ke3 Nxh7 64. Kd4 Nf6 65. Kc4 Nh5 66. f5 Kf6
67. Kxb4 Nf4 68. Kc4 Nh3 69. f3 Ng5 70. Be4 Nxf3 71. Bxf3 Kxf5 1/2-1/2

[Event "13th EICC"]
[Site "Plovdiv BUL"]
[Date "2012.03.27"]
[Round "7.111"]
[White "Berescu, Alin-Mile"]
[Black "Pantev, Veselin"]
[Result "1-0"]
[WhiteTitle "GM"]
[BlackTitle "FM"]
[WhiteElo "2494"]
[BlackElo "2379"]
[WhiteFideId "1204920"]
[BlackFideId "2901390"]
[EventDate "2012.03.20"]
[EventType "swiss"]

1. c4 Nf6 2. g3 c6 3. Nf3 d5 4. Bg2 Bf5 5. cxd5 cxd5 6. Qb3 Qb6 7. Qxb6 axb6 8.
Nc3 Nc6 9. d3 e6 10. O-O h6 11. Bd2 Bc5 12. Nb5 O-O 13. a3 e5 14. b4 Be7 15. Bc3
d4 16. Bb2 Rac8 17. Nd2 Bd7 18. Nc4 Nxb4 19. Nxd4 Nxd3 20. exd3 exd4 21. Nxb6
Rc2 22. Nxd7 Nxd7 23. Bxd4 b6 24. Rfe1 Bc5 25. Bxc5 Nxc5 26. d4 Nd3 27. Reb1
Nxf2 28. Rxb6 Re8 29. a4 Ree2 30. Rb3 f5 31. Bf1 Red2 32. a5 Ne4 33. a6 Ra2 34.
Ra3 Rxa1 35. Rxa1 Ng5 36. Bg2 1-0

[Event "13th EICC"]
[Site "Plovdiv BUL"]
[Date "2012.03.27"]
[Round "7.112"]
[White "Soffer, Ram"]
[Black "Erturan, Yakup"]
[Result "1-0"]
[WhiteTitle "GM"]
[BlackTitle "IM"]
[WhiteElo "2492"]
[BlackElo "2370"]
[WhiteFideId "2800101"]
[BlackFideId "6301410"]
[EventDate "2012.03.20"]
[EventType "swiss"]

1. d4 e6 2. e4 d5 3. Nd2 Nf6 4. e5 Nfd7 5. Bd3 c5 6. c3 Nc6 7. Ngf3 Qb6 8. O-O
cxd4 9. cxd4 Nxd4 10. Nxd4 Qxd4 11. Nf3 Qb6 12. Qa4 Be7 13. a3 O-O 14. Be3 Qd8
15. Qc2 h6 16. Rac1 Kh8 17. Qd2 f5 18. Bxh6 Nc5 19. Rxc5 Bxc5 20. Bg5 Qe8 21.
Rc1 Bb6 22. Qb4 d4 23. a4 Bd7 24. a5 Bd8 25. Qxd4 Bc6 26. Qh4+ Kg8 27. Bxd8 Bxf3
28. Be7 Rf7 29. Bd6 Bd5 30. Qd4 Rc8 31. Re1 Qc6 32. Bf1 a6 33. Qh4 f4 34. Qh3
Rf5 35. Bb4 Rg5 36. Bd2 Rf8 37. Rc1 Qd7 38. g3 Qf7 39. g4 Qg6 40. f3 1-0

[Event "13th EICC"]
[Site "Plovdiv BUL"]
[Date "2012.03.27"]
[Round "7.113"]
[White "Paichadze, Luka"]
[Black "Dragomirescu, Robin-Alexandru"]
[Result "1-0"]
[WhiteTitle "IM"]
[BlackTitle "IM"]
[WhiteElo "2491"]
[BlackElo "2358"]
[WhiteFideId "13602934"]
[BlackFideId "1213849"]
[EventDate "2012.03.20"]
[EventType "swiss"]

1. e4 c5 2. Nf3 e6 3. c3 Nf6 4. e5 Nd5 5. d4 cxd4 6. cxd4 d6 7. Bc4 Nc6 8. O-O
Be7 9. Bd2 O-O 10. Nc3 Nxc3 11. Bxc3 dxe5 12. dxe5 b6 13. Qe2 Bb7 14. Bd3 Qc7
15. Rac1 Rac8 16. b4 Qb8 17. a3 Rfd8 18. Bb2 Qa8 19. Rfd1 Nb8 20. Rxc8 Rxc8 21.
Nd4 Bd5 22. f4 g6 23. f5 Nd7 24. fxe6 fxe6 25. Nb5 a5 26. Qg4 Kg7 27. Nd6 Rf8
28. Bb5 Rd8 29. Ne8+ Rxe8 30. Bxd7 Bc6 31. Bxc6 Qxc6 32. Rc1 Qd7 33. Rf1 axb4
34. axb4 Rc8 35. Qf4 Qe8 36. Bd4 Bxb4 37. Bxb6 Qe7 38. Rc1 1-0

[Event "13th EICC"]
[Site "Plovdiv BUL"]
[Date "2012.03.27"]
[Round "7.114"]
[White "Goumas, Georgios"]
[Black "Filip, Lucian"]
[Result "1/2-1/2"]
[BlackTitle "IM"]
[WhiteElo "2398"]
[BlackElo "2483"]
[WhiteFideId "4208935"]
[BlackFideId "1208900"]
[EventDate "2012.03.20"]
[EventType "swiss"]

1. e4 c5 2. Nf3 e6 3. d4 cxd4 4. Nxd4 a6 5. Bd3 Bc5 6. Nb3 Be7 7. Be3 Nf6 8.
N1d2 d6 9. f4 Nc6 10. Qe2 e5 11. h3 Nb4 12. O-O O-O 13. a3 Nxd3 14. cxd3 b5 15.
d4 exd4 16. Nxd4 Bb7 17. Nf5 Nxe4 18. Nxe4 Bxe4 19. Nxg7 Kxg7 20. Bd4+ Bf6 21.
Qxe4 Re8 22. Qd5 Bxd4+ 23. Qxd4+ Qf6 24. Rad1 Qxd4+ 25. Rxd4 Rac8 26. Rfd1 Re2
27. R1d2 Rxd2 28. Rxd2 Rc6 29. Kf2 Kf6 30. Kf3 Ke6 31. Re2+ Kd7 32. g4 Rc1 33.
g5 d5 34. h4 Kd6 35. h5 Rh1 36. h6 a5 37. Re8 Rf1+ 38. Kg4 d4 39. Rd8+ Ke6 40.
Rxd4 Rg1+ 41. Kf3 f6 42. gxf6 Rb1 43. f7 Kxf7 44. Ke4 Rxb2 45. Rd7+ Kg6 46. Rd6+
Kh5 47. Ke5 b4 48. axb4 Rxb4 49. f5 Kg5 50. Rd1 Rb5+ 51. Ke6 Rb6+ 52. Ke5 1/2-1/2

[Event "13th EICC"]
[Site "Plovdiv BUL"]
[Date "2012.03.27"]
[Round "7.116"]
[White "Janev, Tihomir"]
[Black "Pancevski, Filip"]
[Result "1/2-1/2"]
[WhiteTitle "FM"]
[BlackTitle "IM"]
[WhiteElo "2382"]
[BlackElo "2470"]
[WhiteFideId "2910110"]
[BlackFideId "15002187"]
[EventDate "2012.03.20"]
[EventType "swiss"]

1. Nf3 d6 2. d4 f5 3. Nc3 Nf6 4. Bg5 Nbd7 5. e3 e6 6. Bd3 d5 7. h3 Be7 8. g4 g6
9. Bf4 c6 10. Ng5 Nb6 11. gxf5 exf5 12. h4 Ne4 13. Rg1 Bf6 14. Be5 Bxe5 15. dxe5
Nxg5 16. hxg5 d4 17. exd4 Qxd4 18. Qf3 Qxe5+ 19. Kd2 O-O 20. Rae1 Qd6 21. Rh1
Be6 22. Rh6 Rf7 23. Kc1 Rd8 24. Qe3 Re8 25. Reh1 Qe7 26. Qg3 Rg7 27. Ne2 Bc4 28.
Nf4 Bxd3 29. Nxd3 Nc4 30. Qh4 b5 31. b3 Nd6 32. Re1 Qd8 33. Rxe8+ Nxe8 34. Ne5
Qd6 35. Qf4 Re7 36. Nxg6 Qa3+ 37. Kd1 hxg6 38. Rxg6+ Kf8 39. Qxf5+ Rf7 40. Qe6
Qc5 41. Kc1 Qxf2 42. Qxc6 Qe3+ 43. Kb2 b4 44. Qc4 Qe5+ 45. Kb1 Rf4 46. Re6 Qxg5
47. Qe2 Qg1+ 48. Kb2 Qd4+ 49. Kb1 Qg1+ 50. Kb2 Qd4+ 51. Kb1 Nf6 52. Rc6 Qg1+ 53.
Kb2 Qd4+ 54. Kb1 Nd5 55. Rc8+ Kg7 56. Qe1 Nc3+ 57. Kc1 Nxa2+ 58. Kb1 Nc3+ 59.
Kc1 Nd5 60. Kb1 Rg4 61. Rc4 Rg1 62. Rxd4 Rxe1+ 63. Kb2 Re5 64. Rc4 Kf6 65. Rc5
Nc3 66. Rc6+ Re6 67. Rc4 Re4 68. Rc6+ Kf5 69. Ra6 Re1 70. Rf6+ Kg4 71. Rf4+ 1/2-1/2

[Event "13th EICC"]
[Site "Plovdiv BUL"]
[Date "2012.03.27"]
[Round "7.117"]
[White "Filev, Georgi"]
[Black "Zaslavsky, Mikhail"]
[Result "1/2-1/2"]
[WhiteTitle "FM"]
[BlackTitle "IM"]
[WhiteElo "2372"]
[BlackElo "2450"]
[WhiteFideId "2907500"]
[BlackFideId "2807670"]
[EventDate "2012.03.20"]
[EventType "swiss"]

1. e4 e5 2. Nf3 Nc6 3. Bb5 a6 4. Ba4 Nf6 5. O-O Bc5 6. c3 O-O 7. d4 Ba7 8. Re1
b5 9. Bb3 d6 10. h3 Bb7 11. Bg5 h6 12. Bxf6 Qxf6 13. Bd5 Rab8 14. a4 b4 15. Qd3
bxc3 16. bxc3 exd4 17. Bxc6 Bxc6 18. Qxa6 Bb6 19. Qc4 Bc5 20. cxd4 Rb4 21. Qc2
Bxd4 22. Nxd4 Qxd4 23. Nc3 Qc5 24. Re3 Rxe4 25. Rxe4 Bxe4 26. Qxe4 Qxc3 27. Rb1
c6 28. a5 Qxa5 29. Qxc6 d5 30. Rd1 Rd8 31. Qc2 Re8 32. g3 d4 33. Rxd4 Re1+ 34.
Kg2 Qa8+ 35. f3 Qe8 36. Re4 Rxe4 37. fxe4 Qa8 38. Kh2 g6 39. h4 h5 40. Qc4 Qa1
41. Kg2 Kg7 42. Qd5 Qb2+ 43. Kf3 Qc3+ 44. Kg2 Qb2+ 45. Kf3 Qf6+ 46. Kg2 Qb2+ 1/2-1/2

[Event "13th EICC"]
[Site "Plovdiv BUL"]
[Date "2012.03.27"]
[Round "7.119"]
[White "Colovic, Aleksandar"]
[Black "Givon, Asaf"]
[Result "0-1"]
[WhiteTitle "IM"]
[BlackTitle "FM"]
[WhiteElo "2436"]
[BlackElo "2340"]
[WhiteFideId "15000729"]
[BlackFideId "2801841"]
[EventDate "2012.03.20"]
[EventType "swiss"]

1. Nf3 Nf6 2. c4 g6 3. Nc3 d5 4. cxd5 Nxd5 5. Qb3 Nb6 6. d4 Bg7 7. e4 Bg4 8.
Bb5+ c6 9. Ng5 O-O 10. Be2 Bc8 11. Nf3 Bg4 12. Ng5 Bc8 13. Nf3 Bg4 14. Be3 Bxf3
15. gxf3 Bxd4 16. O-O-O e5 17. h4 Bxe3+ 18. fxe3 Qe7 19. f4 exf4 20. exf4 N8d7
21. e5 Nc5 22. Qc2 Rad8 23. Rdg1 Rd4 24. Rg4 Qd7 25. Rd1 Rd8 26. f5 Rxd1+ 27.
Nxd1 Nd3+ 28. Bxd3 Qxd3 29. Qxd3 Rxd3 30. h5 Nd5 31. Ra4 a6 32. hxg6 hxg6 33.
Nf2 Re3 34. fxg6 fxg6 35. Ne4 Kf7 36. Nc3 Nxc3 37. bxc3 Ke6 38. Rg4 Kf5 39. Rd4
Kxe5 40. Rd7 b5 41. Ra7 Rxc3+ 0-1

[Event "13th EICC"]
[Site "Plovdiv BUL"]
[Date "2012.03.27"]
[Round "7.120"]
[White "Tate, Alan"]
[Black "Raznikov, Danny"]
[Result "1-0"]
[WhiteTitle "FM"]
[BlackTitle "IM"]
[WhiteElo "2350"]
[BlackElo "2436"]
[WhiteFideId "2401878"]
[BlackFideId "2811154"]
[EventDate "2012.03.20"]
[EventType "swiss"]

1. e4 c5 2. Nf3 d6 3. d4 cxd4 4. Nxd4 Nf6 5. Nc3 a6 6. Be3 e5 7. Nb3 Be6 8. Qd2
Nbd7 9. O-O-O Rc8 10. f4 b5 11. Kb1 Be7 12. f5 Bc4 13. g4 h6 14. Qg2 Bxf1 15.
Rhxf1 Rxc3 16. bxc3 Nb6 17. Bxb6 Qxb6 18. h4 Qc6 19. Rfe1 Qxc3 20. g5 hxg5 21.
hxg5 d5 22. Qd2 Qxd2 23. Nxd2 Nxe4 24. Nxe4 dxe4 25. Rxe4 f6 26. g6 Rh5 27. Re3
b4 28. Re4 Bc5 29. Rd5 1-0

[Event "13th EICC"]
[Site "Plovdiv BUL"]
[Date "2012.03.27"]
[Round "7.122"]
[White "Georgiadis, Ioannis"]
[Black "Malikentzos, Sotirios"]
[Result "0-1"]
[WhiteTitle "IM"]
[BlackTitle "FM"]
[WhiteElo "2435"]
[BlackElo "2307"]
[WhiteFideId "4208900"]
[BlackFideId "4215079"]
[EventDate "2012.03.20"]
[EventType "swiss"]

1. e4 c6 2. d4 d5 3. Nc3 dxe4 4. Nxe4 Bf5 5. Ng3 Bg6 6. h4 h6 7. Nf3 Nd7 8. h5
Bh7 9. Bd3 Bxd3 10. Qxd3 e6 11. Bf4 Qa5+ 12. Bd2 Bb4 13. c3 Be7 14. c4 Qc7 15.
O-O-O Ngf6 16. Rhe1 b5 17. cxb5 cxb5+ 18. Kb1 O-O 19. Nf5 Bd6 20. Rc1 Qb8 21.
Nxd6 Qxd6 22. Qxb5 Rab8 23. Rc6 Qa3 24. bxa3 Rxb5+ 25. Kc2 Rfb8 26. Kd3 Rxh5 27.
Rec1 Kh7 28. Rc8 Rb6 29. a4 Rd5 30. a5 Rb2 31. R8c2 Rxc2 32. Kxc2 g5 33. Rb1 g4
34. Ne5 Nxe5 35. dxe5 Ne4 36. Be1 Rxe5 37. a6 Nxf2 38. a4 h5 39. Rb7 Rxe1 40.
Rxa7 Re5 41. Rxf7+ Kg6 42. Rxf2 Ra5 43. Kb3 Rxa6 44. Kb4 h4 45. Kb5 Ra8 46. a5
e5 47. a6 Kg5 48. Kb6 e4 49. Kb7 e3 50. Ra2 Re8 51. a7 Kf4 52. a8=Q Rxa8 53.
Rxa8 Ke4 54. Re8+ Kd3 55. Rd8+ Kc3 56. Re8 Kd2 57. Rd8+ Ke1 58. Rd4 e2 59. Rxg4
Kf2 60. Rf4+ Kxg2 61. Re4 Kf3 62. Re8 h3 63. Rf8+ Ke3 64. Re8+ Kd3 65. Rd8+ Kc3
66. Rc8+ Kd2 67. Rd8+ Kc2 68. Rc8+ Kd1 69. Rd8+ Kc1 70. Rc8+ Kb1 71. Re8 h2 72.
Rxe2 h1=Q+ 73. Kc8 Qh8+ 74. Kb7 Qg7+ 75. Ka6 Qf6+ 76. Kb5 Qf1 0-1